000 00425nam a2200169Ia 4500
008 240510s9999 xx 000 0 und d
041 _aEng
082 _a005.2
082 _bNS
245 0 _aNCOS1/AF file organization and data formats MME02E-2
260 _bTokyo : NEC
260 _c1988
300 _a171 p.
650 _aFile organization : data formats : NCOS operating system
942 _2ddc
942 _cLBK
999 _c23977
_d23977
945 _a1
_bMadushi Gamage
_c1
_dMadushi Gamage